|
|
|
|
| LEADER |
00000nab a2200000 a 4500 |
| 001 |
vtls000650679 |
| 003 |
SK-MaSNL |
| 005 |
20260304094822.0 |
| 008 |
250425c1997 xo 0 slo |
| 015 |
|
|
|a SNBRA1998/02-02815
|
| 035 |
|
|
|a CLN000002873
|
| 035 |
|
|
|a urn:nbn:sk:snk-abbrhv
|
| 035 |
|
|
|a (urnnbn)urn:nbn:sk:snk:ar-00540u
|
| 035 |
|
|
|a (uuid)7294cee0-aed1-46a6-9ab6-71176e3cf643
|
| 040 |
|
|
|a SNKBUCL
|b slo
|c SNKBUCL
|e AACR2
|
| 041 |
0 |
|
|a slo
|
| 044 |
|
|
|a xo
|c SK
|
| 080 |
|
|
|a 730.071.1
|2 1997
|
| 080 |
|
|
|a 929 Tapper, Kain
|2 1997
|
| 100 |
1 |
|
|a Bartošová, Zuzana,
|d 1946-
|4 aut
|9 92788
|
| 245 |
1 |
0 |
|a Kain Tapper
|c Zuzana Bartošová
|
| 300 |
|
|
|b Fotogr.
|
| 600 |
1 |
7 |
|a Tapper, Kain
|d 1930-
|2 snkbucl
|9 1391548
|
| 655 |
|
7 |
|a články z novín a časopisov
|2 snkbucl
|2 snkbucl
|9 267496
|
| 773 |
0 |
|
|t Revue svetovej literatúry
|g Roč. 33, č. 4 (1997), s. 67
|x 0231-6269
|
| 850 |
|
|
|a Slovenská národná knižnica
|
| 852 |
|
|
|a Slovenská národná knižnica
|
| 958 |
|
|
|a article15
|
| 958 |
|
|
|a FI
|
| 958 |
|
|
|a BC
|
| 958 |
|
|
|a OND
|
| 958 |
|
|
|a EUIPO
|
| 992 |
|
|
|a RBX
|
| 999 |
|
|
|c 2829132
|d 2831062
|